000
00282nam a2200121 a 4500
005
20140414093835.0
008
030611s19uu xx 00 eng d
050
_a
CDR 510
_b
MAT n.d.
245
_a
Mathematics library.
650
_a
Mathematics.
942
_c
AVM
999
_c
108992
_d
108992